000 01205nam a22002057a 4500
999 _c21115
_d21115
003 AR-CdUCM
008 190318b ||||| |||| 00| 0 spa d
040 _aMUNICIPALIDAD PROVINCIAL DEL CUSCO
_cBIBLIOTECA MUNICIPAL DEL CUSCO
082 _a973.09 /
_bS74
100 _aSpencer, J. A
_918737
245 _aHistoria de los Estados Unidos /
260 _aBarcelona :
_bMontaner y Simón editores,
300 _a3 tomos ;
_c32 cm.
505 _aContenido :t.1. Primitivos viajes y descubrimientos -- Los aborígenes de América -- Tentativas de colonización llevadas a cabo por los ingleses -- Colonización de la Virginia -- Virginia y Maryland -- t.2 Sucesos de la guerra durante 1779 -- La campaña de 1780 -- El año decisivo de la guerra -- Conclusión de la guerra revolucionaria -- Se adopta la constitución t.3 Fin de la presidencia de Madison -- Acontecimientos durante 1819-1822 -- Fin de la administración de Monroe -- Fin de la administración de Jakcson -- Administración de Harrison y Tyler ...
650 _aHistoria de los EE.UU
_918738
650 _aLeyes americanas
_918739
700 _aVerneuill, D, Enrique Leopoldo de (traductor)
_918740
942 _2ddc
_cLIBROS
945 _arum